Microbiología industrial / (Record no. 121092)
[ view plain ]
| 000 -LEADER | |
|---|---|
| campo de control de longitud fija | 00729nam a2200193 4500 |
| 001 - NÚMERO DE CONTROL | |
| campo de control | 121092 |
| 003 - IDENTIFICADOR DE NÚMERO DE CONTROL | |
| campo de control | ES-MaACL |
| 005 - FECHA Y HORA DE LA ÚLTIMA TRANSACCIÓN | |
| campo de control | 20230906191703.0 |
| 007 - CAMPO FIJO DE DESCRIPCIÓN FÍSICA--INFORMACIÓN GENERAL | |
| campo de control de longitud fija | t| |
| 008 - DATOS DE LONGITUD FIJA--INFORMACIÓN GENERAL | |
| campo de control de longitud fija | 070214q1950 sp r ||||1| spa d |
| 100 1# - ENTRADA PRINCIPAL--NOMBRE DE PERSONA | |
| Nombre de persona | Prescott, Samuel Cate. |
| 9 (RLIN) | 93777 |
| 245 10 - MENCIÓN DEL TÍTULO | |
| Título | Microbiología industrial / |
| Mención de responsabilidad, etc. | Samuel Cate Prescott y Cecil Gordon Dunn ; versión española de Joaquín Ocón ; revisión, prólogo y apéndices III y IV por Vicente Villar Palasí. |
| 260 ## - PUBLICACIÓN, DISTRIBUCIÓN, ETC. | |
| Lugar de publicación, distribución, etc. | Madrid : |
| Nombre del editor, distribuidor, etc. | Aguilar, |
| Fecha de publicación, distribución, etc. | [1950?] |
| 300 ## - DESCRIPCIÓN FÍSICA | |
| Extensión | XXIV, 623 p. : |
| Otras características físicas | il. ; |
| Dimensiones | 22 cm + |
| Material acompañante/anejo | 2 h. pleg. |
| 700 1# - ENTRADA AGREGADA--NOMBRE PERSONAL | |
| Nombre de persona | Dunn, Cecil Gordon. |
| 9 (RLIN) | 46053 |
| 700 0# - ENTRADA AGREGADA--NOMBRE PERSONAL | |
| Nombre de persona | Ocón García, Joaquín. |
| 9 (RLIN) | 86506 |
| 700 1# - ENTRADA AGREGADA--NOMBRE PERSONAL | |
| Nombre de persona | Villar Palasí, Vicente. |
| 9 (RLIN) | 115099 |
| 852 ## - LOCALIZACIÓN | |
| Ubicación | ES-MaACL |
| Número de control de estantería | D-5257 |
| Sublocalización o colección | R.30624 |
| Estatus retirado | Estado de pérdida | Estado de daño | No para préstamo | Biblioteca de origen | Biblioteca actual | Ubicación en estantería | Fecha de adquisición | Fuente de adquisición | Total de préstamos | Signatura topográfica completa | Código de barras | Visto por última vez | Precio de reemplazo | Tipo de ítem Koha |
|---|---|---|---|---|---|---|---|---|---|---|---|---|---|---|
| Biblioteca del Ateneo de Madrid | Biblioteca del Ateneo de Madrid | Sala Valle Inclán | 17/01/2008 | D-5257 | 901126204 | 23/02/2023 | 23/02/2023 | Libro impreso |
